000 00720cab a2200217 4500
001 WB2541-26
008 090401t1989 xxu||||| |||| 00| 0 eng d
035 _a(Sirsi) u66795
041 _aeng
245 _aIT tackles north-south divide
260 _c1989
350 _a0
490 _aTimes
_v19/10/89 p36
520 _aReports on how Government and the private sector are using telecommunications to try and solve the problem of un employment in the North and shortage of skilled labour in the South.
650 _aMANAGEMENT-BUSINESS MANAGEMENT-INFORMATION MANAGEMENT
650 _aNORTH-SOUTH DIVIDE
650 _aTELECOMMUTING
690 _aPRACTICE AND TECHNIQUES
942 _n0
948 _c04/03/1997
999 _c41734
_d41734